000 01050nam a2200193Ia 4500
003 Ost
005 20260507075111.0
008 260507s9999||||xx |||||||||||||| ||und||
040 _cfsecg
041 _aara
082 _a330
100 _aخاف ربي، محمد الزن
_eمؤلف
245 0 _aتقنيات المحاسبة /
_c محمد الزن خاف ربي
260 _aالجزائر:
_bدار ابن رشدللنشر والتوزيع,
_c2002
300 _a263 صفحة؛
_c24 سم
520 _a1- المؤسسة 2- الميزانية وتغيراتها 3- النتيجة والميزانيات 3- الحساب حسابات الاصول 4- حسابات الخصوم 5- النتائج 6- العقد المزدوج والحسابات المقابلة اليومية 7- التحويل 8- حسابات النقدية 9- عمليات الشراء والبيع في المؤسسات الصناعية 10- عمليات الشراء والبيع مع التخفيضات
653 _aتقنيات محاسبة
942 _cكتاب
999 _c42901
_d42901